Rolling Stone's 200 Greatest Singers of All Time - Statistics

General Stats
  • This quiz has been taken 4,453 times
  • The average score is 49 of 200
Answer Stats
# Singer % Correct
86 Michael Jackson
85%
100 Elton John
76%
12 John Lennon
76%
1 Aretha Franklin
73%
17 Elvis Presley
73%
14 Freddie Mercury
73%
26 Paul McCartney
73%
8 Beyoncé
71%
19 Frank Sinatra
71%
2 Whitney Houston
70%
28 Mahalia Jackson
67%
149 Wanda Jackson
66%
102 Taylor Swift
65%
52 Mick Jagger
60%
15 Bob Dylan
58%
5 Mariah Carey
58%
22 Adele
55%
62 George Michael
55%
16 Prince
55%
68 Rihanna
52%
32 David Bowie
51%
36 Kurt Cobain
51%
7 Stevie Wonder
51%
58 Lady Gaga
50%
20 Marvin Gaye
49%
117 Patti Smith
49%
44 James Brown
48%
157 Robert Smith
48%
55 Tina Turner
47%
33 Bessie Smith
46%
27 Dolly Parton
46%
79 Emmylou Harris
46%
165 Ronnie James Dio
45%
43 Ariana Grande
44%
77 Bruce Springsteen
44%
67 Dennis Brown
44%
6 Ray Charles
44%
146 Ruth Brown
44%
87 Diana Ross
43%
63 Robert Plant
43%
41 Etta James
42%
85 Johnny Cash
42%
140 Bono
41%
154 Dion
41%
24 George Jones
40%
83 Amy Winehouse
39%
30 Hank Williams
39%
82 Steve Perry
39%
37 Van Morrison
39%
134 Axl Rose
38%
78 Janis Joplin
38%
39 Louis Armstrong
38%
112 Ozzy Osbourne
38%
141 Christina Aguilera
37%
96 Chuck Berry
37%
124 Robert Johnson
37%
9 Otis Redding
36%
93 Stevie Nicks
36%
98 Bob Marley
35%
57 Brian Wilson
35%
120 Charlie Rich
35%
121 Jackie Wilson
35%
133 Neil Young
35%
180 SZA
35%
10 Al Green
33%
174 Buddy Holly
32%
3 Sam Cooke
32%
56 Barry White
31%
50 Joni Mitchell
30%
49 Rod Stewart
30%
11 Little Richard
28%
21 Nina Simone
28%
54 Willie Nelson
28%
147 Barbra Streisand
27%
4 Billie Holiday
27%
168 Debbie Harry
27%
45 Ella Fitzgerald
27%
72 Muddy Waters
27%
198 Billie Eilish
26%
161 Brenda Lee
26%
194 Kelly Clarkson
26%
136 Lauryn Hill
26%
109 Roger Daltrey
26%
23 Smokey Robinson
26%
185 Alicia Keys
25%
122 Donna Summer
25%
71 Roy Orbison
25%
105 Eddie Vedder
24%
35 Dusty Springfield
23%
107 Lou Reed
23%
88 Jimmie Rodgers
22%
110 The Weeknd
21%
97 Usher
21%
123 Karen Carpenter
20%
103 Leonard Cohen
20%
166 Morrissey
20%
89 Selena
20%
34 Thom Yorke
20%
130 Courtney Love
19%
144 Darlene Love
19%
80 Chris Cornell
18%
101 Gladys Knight
18%
60 Kate Bush
18%
176 Iggy Pop
17%
189 Joan Baez
17%
172 Juan Gabriel
17%
175 Lana Del Rey
17%
25 Mary J. Blige
17%
64 Björk
16%
158 Carrie Underwood
16%
13 Patsy Cline
16%
118 John Fogerty
15%
47 Linda Ronstadt
15%
132 Loretta Lynn
15%
152 Michael Stipe
15%
92 Anita Baker
14%
106 Bill Withers
14%
181 Bob Seger
14%
38 Curtis Mayfield
14%
31 Luther Vandross
14%
74 Patti LaBelle
14%
51 Sade
14%
40 Aaliyah
13%
116 Chet Baker
13%
190 Frank Ocean
13%
131 Jeff Buckley
13%
125 Joe Strummer
13%
187 Bonnie Raitt
11%
29 Chaka Khan
11%
70 Ronnie Spector
11%
76 Wilson Pickett
11%
197 Burna Boy
10%
59 Howlin' Wolf
10%
48 Toni Braxton
10%
193 Brandy
9%
150 Bryan Ferry
9%
156 George Strait
9%
91 Nusrat Fateh Ali Khan
9%
127 Tammy Wynette
9%
114 Chrissie Hynde
8%
115 Erykah Badu
8%
111 Fiona Apple
8%
151 Martha Reeves
8%
46 Mavis Staples
8%
138 Merle Haggard
8%
200 Rosalía
8%
183 Solomon Burke
8%
18 Celia Cruz
7%
170 Chris Stapleton
7%
167 Marc Anthony
7%
179 Martha Wash
7%
145 PJ Harvey
7%
104 Aaron Neville
6%
155 Corin Tucker
6%
75 D'Angelo
6%
66 David Ruffin
6%
148 Levon Helm
6%
65 Minnie Riperton
6%
129 Rob Halford
6%
128 Florence Welch
5%
42 Teddy Pendergrass
5%
163 Bobby "Blue" Bland
4%
99 Clyde McPhatter
4%
126 Donny Hathaway
4%
162 Françoise Hardy
4%
191 Jung Kook
4%
173 Marianne Faithfull
4%
53 Miriam Makeba
4%
188 Fela Kuti
3%
90 Gal Costa
3%
199 Glenn Danzig
3%
135 IU
3%
182 Jazmine Sullivan
3%
81 João Gilberto
3%
184 Karen O
3%
113 La India
3%
143 Luciano
3%
160 Mercedes Sosa
3%
159 Mississippi John Hurt
3%
171 Odetta
3%
196 Paul Westerberg
3%
169 Sylvester
3%
95 Vicente Fernández
3%
69 Youssou N'Dour
3%
119 Barrington Levy
2%
108 Caetano Veloso
2%
137 El DeBarge
2%
73 Héctor Lavoe
2%
186 Ofra Haza
2%
177 Patty Loveless
2%
195 Poly Styrene
2%
164 Sandy Denny
2%
94 Toots Hibbert
2%
61 Umm Kulthum
2%
192 Anohni
1%
84 Lata Mangeshkar
1%
153 Mahlathini
1%
139 Rocío Dúrcal
1%
142 Russell Thompkins Jr.
1%
178 Tabu Ley Rochereau
1%
No matching quizzes found
Score Distribution
Percent of People with Each Score
Percentile by Number Answered
Your Score History
You have not taken this quiz